Kavita Tere Rup Anek / (Record no. 47178)

MARC details
000 -LEADER
fixed length control field 00558nam a22001817a 4500
003 - CONTROL NUMBER IDENTIFIER
control field OSt
008 - FIXED-LENGTH DATA ELEMENTS--GENERAL INFORMATION
fixed length control field 241129b |||||||| |||| 00| 0 eng d
082 ## - DEWEY DECIMAL CLASSIFICATION NUMBER
Classification number 891.431
Item number V69K
100 ## - MAIN ENTRY--PERSONAL NAME
Personal name Vijayvargiya, Dayakrishna. 'Vijaya'
245 ## - TITLE STATEMENT
Title Kavita Tere Rup Anek /
Statement of responsibility, etc. by Dayakrishna Vijayvargiya 'Vijaya'
260 ## - PUBLICATION, DISTRIBUTION, ETC. (IMPRINT)
Place of publication, distribution, etc .- Kota (Rajasthan)
Name of publisher, distributor, etc : Vijay Prakashan
Date of publication, distribution, etc , 2018
300 ## - PHYSICAL DESCRIPTION
Extent 160p.
650 ## - SUBJECT ADDED ENTRY--TOPICAL TERM
Topical term or geographic name as entry element Literature
650 ## - SUBJECT ADDED ENTRY--TOPICAL TERM
Topical term or geographic name as entry element Literatures of other Specific Languages and Language Families
650 ## - SUBJECT ADDED ENTRY--TOPICAL TERM
Topical term or geographic name as entry element Hindi Literatures
650 ## - SUBJECT ADDED ENTRY--TOPICAL TERM
Topical term or geographic name as entry element Poetry
942 ## - ADDED ENTRY ELEMENTS (KOHA)
Source of classification or shelving scheme
Koha item type Hindi Books
942 ## - ADDED ENTRY ELEMENTS (KOHA)
-- 1
Holdings
Withdrawn status Lost status Source of classification or shelving scheme Damaged status Not for loan Home library Current library Date acquired Source of acquisition Cost, normal purchase price Total Checkouts Full call number Barcode Date last seen Date last borrowed Bill Date Koha item type Bill Number
          Dr. Rajendra Prasad Central Agricultural University Pusa, Dr. Rajendra Prasad Central Agricultural University Pusa, 29/11/2024 Donated by Dr. Daya krishna Vijay, Civil Line (Kota) 300.00 1 891.431 V69K 81822 11/12/2025 22/11/2025   Hindi Books Gift
Hosted, Implemented, Customized & Maintained by: BestBookBuddies

Powered by Koha